=LDR 00000nam 2200000 4500 =001 INLIS000000000028234 =005 20130612130544 =008 ***********************************ind** =035 ##$$0010-061300000028234 =041 ##$$a ind =082 ##$$a 794.12 =090 ##$$a 794.12, SUC i =100 ##$$a Sucahyo, Imam =245 ##$$a Indah terarah, Memahami variasi dan kombinasi 105 partai murni, Imam Sucahyo, Didik Wahadi =260 ##$$a 1994 $b Jakarta =300 ##$$a 85 hlm., ilus., 21 cm =650 ##$$a Permainan Catur =700 ##$$a Wahadi, Didik =850 ##$$a NBPNMAT